[Event "Islandia ch 2009"]
[Site "Bolungarvik ISL"]
[Date "2009.09.01"]
[Round "1.1"]
[White "Olafsson, David"]
[Black "Ornolfsson, Magnus Palmi"]
[Result "1/2-1/2"]
[WhiteElo "2327"]
[BlackElo "2214"]
[PlyCount "43"]
[EventDate "2009.09.01"]
[EventType "tourn"]
[EventRounds "11"]
[EventCountry "ISL"]
[EventCategory "5"]
[Source "lmi"]
[SourceDate "2009.09.01"]

1. e4 e6 2. d4 d5 3. Nd2 Nf6 4. Bd3 dxe4 5. Nxe4 Nbd7 6. Nf3 Nxe4 7. Bxe4 Nf6
8. Bd3 Be7 9. O-O O-O 10. Ne5 c5 11. dxc5 Qd5 12. Qe2 Qxc5 13. c3 b6 14. b4 Qc7
15. Bf4 Bd6 16. c4 Bb7 17. Rac1 Bxb4 18. Bb1 Bd6 19. Rfe1 Rfe8 20. Qc2 g6 21.
Rcd1 Rad8 22. h3 1/2-1/2

[Event "Islandia ch 2009"]
[Site "Bolungarvik ISL"]
[Date "2009.09.01"]
[Round "1.2"]
[White "Thorfinnsson, Bragi"]
[Black "Johannesson, Ingvar Thor"]
[Result "1-0"]
[WhiteElo "2360"]
[BlackElo "2323"]
[PlyCount "99"]
[EventDate "2009.09.01"]
[EventType "tourn"]
[EventRounds "11"]
[EventCountry "ISL"]
[EventCategory "5"]
[Source "lmi"]
[SourceDate "2009.09.01"]

1. d4 d6 2. Nf3 Nf6 3. c4 g6 4. Nc3 Bg7 5. e4 O-O 6. Be2 e5 7. O-O exd4 8. Nxd4
Re8 9. f3 c6 10. Nc2 Na6 11. Kh1 Nh5 12. g4 Nf6 13. Bf4 h5 14. g5 Nh7 15. Rg1
Be5 16. Be3 Nc5 17. Qd2 Qe7 18. Bf1 a5 19. Re1 b6 20. Nd4 Bb7 21. f4 Nxe4 22.
Nxe4 c5 23. Bg2 cxd4 24. Bxd4 Bxd4 25. Qxd4 Qc7 26. Nc3 Bxg2+ 27. Kxg2 Qd7 28.
h3 Qf5 29. Nd5 Rab8 30. Kh2 b5 31. cxb5 Re6 32. Ne7+ Rxe7 33. Rxe7 Qxb5 34. b3
Nf8 35. Qf6 Qd5 36. Rd1 Qf5 37. Qxf5 gxf5 38. Rxd6 a4 39. Re3 Ng6 40. Kg3 axb3
41. Rxb3 Ra8 42. Rf6 h4+ 43. Kf3 Rxa2 44. Rxf5 Rh2 45. Kg4 Rg2+ 46. Kh5 Ne7 47.
Rf6 Nd5 48. Kh6 Nxf6 49. Rb8+ Ne8 50. Rxe8# 1-0

[Event "Islandia ch 2009"]
[Site "Bolungarvik ISL"]
[Date "2009.09.01"]
[Round "1.3"]
[White "Danielsen, Henrik"]
[Black "Gislason, Gudmundur"]
[Result "1-0"]
[WhiteElo "2473"]
[BlackElo "2348"]
[PlyCount "51"]
[EventDate "2009.09.01"]
[EventType "tourn"]
[EventRounds "11"]
[EventCountry "ISL"]
[EventCategory "5"]
[Source "lmi"]
[SourceDate "2009.09.01"]

1. e4 c5 2. Nc3 Nc6 3. f4 e6 4. Nf3 d5 5. Bb5 Nf6 6. e5 Nd7 7. Bxc6 bxc6 8. d3
Qc7 9. O-O Be7 10. b3 O-O 11. Ba3 f6 12. Qe1 fxe5 13. fxe5 Rf5 14. Na4 Ba6 15.
c4 Raf8 16. Qe2 Nxe5 17. Nxe5 Rxe5 18. Rxf8+ Bxf8 19. Qg4 Re3 20. Rf1 Qe5 21.
d4 Qe4 22. Qxe4 dxe4 23. Bxc5 Bxc5 24. Nxc5 Bc8 25. Kf2 Rc3 26. Re1 1-0

[Event "Islandia ch 2009"]
[Site "Bolungarvik ISL"]
[Date "2009.09.01"]
[Round "1.4"]
[White "Arngrimsson, Dagur"]
[Black "Thorhallsson, Throstur"]
[Result "1/2-1/2"]
[WhiteElo "2396"]
[BlackElo "2433"]
[PlyCount "47"]
[EventDate "2009.09.01"]
[EventType "tourn"]
[EventRounds "11"]
[EventCountry "ISL"]
[EventCategory "5"]
[Source "lmi"]
[SourceDate "2009.09.01"]

1. e4 c5 2. Nf3 d6 3. d4 cxd4 4. Nxd4 Nf6 5. Nc3 Nc6 6. Bc4 e6 7. Bb3 Be7 8.
O-O O-O 9. Kh1 Na5 10. f4 Nxb3 11. axb3 e5 12. Nf3 exf4 13. Bxf4 a6 14. Qd3 Bg4
15. Rad1 Re8 16. Rfe1 Qb6 17. Rd2 h6 18. Nd4 Qc5 19. Qg3 Rad8 20. h3 Bc8 21.
Bxh6 Nh5 22. Qf3 gxh6 23. Nd5 Bg5 24. Rdd1 1/2-1/2

[Event "Islandia ch 2009"]
[Site "Bolungarvik ISL"]
[Date "2009.09.01"]
[Round "1.4"]
[White "Lagerman, Robert"]
[Black "Kjartansson, Gudmundur"]
[Result "1-0"]
[WhiteElo "2351"]
[BlackElo "2413"]
[PlyCount "159"]
[EventDate "2009.09.01"]
[EventType "tourn"]
[EventRounds "11"]
[EventCountry "ISL"]
[EventCategory "5"]
[Source "lmi"]
[SourceDate "2009.09.01"]

1. e4 c6 2. d4 d5 3. exd5 cxd5 4. Bd3 Nc6 5. c3 Qc7 6. Ne2 Bg4 7. Qb3 Bxe2 8.
Bxe2 Rd8 9. O-O e6 10. Be3 Bd6 11. h3 Nge7 12. Nd2 O-O 13. Nf3 Ng6 14. Rfe1 a6
15. Qc2 Na5 16. Bd3 Rfe8 17. Bg5 Rc8 18. Re2 b5 19. Rae1 Nc4 20. Bc1 Bf4 21.
Bxg6 hxg6 22. Bxf4 Qxf4 23. a3 Rc7 24. Qd1 a5 25. Qb3 Rb8 26. Rd1 b4 27. axb4
axb4 28. Ne1 Rc6 29. cxb4 Rcb6 30. Nc2 Na5 31. Qc3 Nc6 32. b5 Na7 33. Qc5 Nxb5
34. Nb4 Qd6 35. Nd3 Rc6 36. Qxd6 Nxd6 37. Ra1 Nf5 38. Ne5 Rcb6 39. Rd2 R8b7 40.
Ra8+ Kh7 41. g4 Nd6 42. Rd8 Rb8 43. Rxb8 Rxb8 44. Rc2 Rb7 45. Rc6 Nb5 46. Nf3
Rb8 47. Kf1 Kg8 48. Ke2 Na7 49. Rc7 Nb5 50. Rc6 Kf8 51. Ke3 Na7 52. Rc7 Nb5 53.
Rc6 Rb7 54. Ne5 Ke7 55. b4 Nd6 56. Ra6 Nc4+ 57. Nxc4 dxc4 58. Ra4 Kd6 59. Kd2
Kd5 60. Kc3 Ke4 61. Ra2 Rd7 62. Re2+ Kf3 63. Rb2 Ke4 64. Kxc4 Rc7+ 65. Kb5 Rc3
66. Ka6 Kxd4 67. b5 Ra3+ 68. Kb7 Rxh3 69. b6 Rc3 70. Kb8 Ke4 71. b7 g5 72. Ka7
Rc7 73. Ka6 Rxb7 74. Rxb7 f5 75. Rxg7 fxg4 76. Rxg5 Kf3 77. Kb5 e5 78. Kc4 e4
79. Kd4 Kxf2 80. Rxg4 1-0

[Event "Islandia ch 2009"]
[Site "Bolungarvik ISL"]
[Date "2009.09.01"]
[Round "1.6"]
[White "Gunnarsson, Jon Viktor"]
[Black "Bjornsson, Sigurbjorn"]
[Result "1-0"]
[WhiteElo "2462"]
[BlackElo "2287"]
[PlyCount "45"]
[EventDate "2009.09.01"]
[EventType "tourn"]
[EventRounds "11"]
[EventCountry "ISL"]
[EventCategory "5"]
[Source "lmi"]
[SourceDate "2009.09.01"]

1. d4 Nf6 2. c4 g6 3. Nc3 Bg7 4. Nf3 O-O 5. Bf4 d6 6. e3 Nfd7 7. h3 e5 8. Bh2
f5 9. dxe5 Nxe5 10. Qd5+ Nf7 11. Be2 Nc6 12. O-O Re8 13. Rfd1 Be6 14. Qb5 Qc8
15. Rac1 Nce5 16. Nd4 Bd7 17. Qb3 Nc6 18. c5 Nxd4 19. exd4 dxc5 20. Bc4 Be6 21.
d5 Bd7 22. d6 Be6 23. d7 1-0

[Event "Islandia ch 2009"]
[Site "Bolungarvik ISL"]
[Date "2009.09.02"]
[Round "2.1"]
[White "Ornolfsson, Magnus Palmi"]
[Black "Bjornsson, Sigurbjorn"]
[Result "0-1"]
[PlyCount "94"]
[EventDate "2009.09.01"]
[EventType "tourn"]
[EventRounds "11"]
[EventCountry "ISL"]
[EventCategory "5"]
[Source "lmi"]
[SourceDate "2009.09.01"]
[WhiteElo "2214"]
[BlackElo "2287"]

1. d4 Nf6 2. Nf3 g6 3. c4 Bg7 4. Nc3 O-O 5. e4 d6 6. Be2 e5 7. d5 a5 8. h3 Nh5
9. g4 Nf4 10. Bxf4 exf4 11. Qd2 a4 12. O-O-O c5 13. dxc6 a3 14. b3 Nxc6 15. Nd5
Be6 16. g5 Na5 17. Qb4 Nc6 18. Qd2 Bxd5 19. exd5 Ne5 20. Qxf4 b5 21. Nxe5 Bxe5
22. Qd2 bxc4 23. Bxc4 Rc8 24. f4 Bg7 25. Qd3 Qb6 26. Rh2 Rfe8 27. Re2 Qb4 28.
Rxe8+ Rxe8 29. Qd2 Qc5 30. Kc2 Re4 31. Qd3 Rxf4 32. Re1 Rf2+ 33. Re2 Be5 34.
Kd2 Bf4+ 35. Kc2 Bxg5 36. Rxf2 Qxf2+ 37. Qe2 Qd4 38. Kb1 Bf6 39. b4 Qa1+ 40.
Kc2 Qb2+ 41. Kd3 Qc3+ 42. Ke4 Qxh3 43. Qf3 Qh4+ 44. Qf4 Qe1+ 45. Kf3 Be5 46.
Qe4 Qxb4 47. Qc2 Qc3+ 0-1

[Event "Islandia ch 2009"]
[Site "Bolungarvik ISL"]
[Date "2009.09.02"]
[Round "2.2"]
[White "Kjartansson, Gudmundur"]
[Black "Gunnarsson, Jon Viktor"]
[Result "0-1"]
[PlyCount "74"]
[EventDate "2009.09.01"]
[EventType "tourn"]
[EventRounds "11"]
[EventCountry "ISL"]
[EventCategory "5"]
[Source "lmi"]
[SourceDate "2009.09.01"]
[WhiteElo "2413"]
[BlackElo "2462"]

1. d4 Nf6 2. c4 c5 3. d5 b5 4. cxb5 a6 5. bxa6 g6 6. Nc3 Bxa6 7. Nf3 d6 8. g3
Nbd7 9. Bg2 Nb6 10. b3 Bg7 11. Rb1 Bc8 12. Nh4 h6 13. Qc2 Qd7 14. Bb2 g5 15.
Nf3 Bb7 16. e4 Ba6 17. h4 g4 18. Ng1 Qb7 19. Nd1 Bb5 20. a4 Ba6 21. Ne3 Nbd7
22. Nf5 Bf8 23. Ne2 Ne5 24. Bxe5 dxe5 25. O-O e6 26. Ne3 Be7 27. Nc4 Bxc4 28.
bxc4 Qa6 29. Qc3 Nd7 30. dxe6 fxe6 31. Rfd1 Bf6 32. f3 h5 33. fxg4 hxg4 34. Rb5
Qxa4 35. Kh2 Qxd1 36. Qb2 Bxh4 37. gxh4 Rxh4+ 0-1

[Event "Islandia ch 2009"]
[Site "Bolungarvik ISL"]
[Date "2009.09.02"]
[Round "2.3"]
[White "Thorhallsson, Throstur"]
[Black "Lagerman, Robert"]
[Result "1-0"]
[PlyCount "45"]
[EventDate "2009.09.01"]
[EventType "tourn"]
[EventRounds "11"]
[EventCountry "ISL"]
[EventCategory "5"]
[Source "lmi"]
[SourceDate "2009.09.01"]
[WhiteElo "2433"]
[BlackElo "2351"]

1. e4 e5 2. d4 exd4 3. Qxd4 Nc6 4. Qe3 Nf6 5. Nc3 Bb4 6. Bd2 O-O 7. O-O-O Re8
8. Qg3 Rxe4 9. a3 Bd6 10. f4 Re8 11. Nf3 Bf8 12. Bd3 d5 13. Rhe1 Ne7 14. Ne5
Nf5 15. Qf3 Nd4 16. Qf2 c5 17. h3 Nc6 18. g4 c4 19. Bf1 Nxe5 20. fxe5 Nd7 21.
Nxd5 Nxe5 22. Bf4 Bd6 23. Qg3 1-0

[Event "Islandia ch 2009"]
[Site "Bolungarvik ISL"]
[Date "2009.09.02"]
[Round "2.4"]
[White "Gislason, Gudmundur"]
[Black "Arngrimsson, Dagur"]
[Result "1-0"]
[PlyCount "87"]
[EventDate "2009.09.01"]
[EventType "tourn"]
[EventRounds "11"]
[EventCountry "ISL"]
[EventCategory "5"]
[Source "lmi"]
[SourceDate "2009.09.01"]
[WhiteElo "2348"]
[BlackElo "2396"]

1. d4 d5 2. c4 c6 3. Nc3 dxc4 4. e3 b5 5. a4 b4 6. Ne4 Qd5 7. Nd2 c3 8. bxc3
bxc3 9. Nc4 Na6 10. Ba3 e6 11. Qb3 Rb8 12. Qxc3 Nb4 13. Nf3 Nf6 14. Be2 Ba6 15.
O-O Ne4 16. Qc1 Be7 17. Nfe5 O-O 18. f3 Nd6 19. Rd1 Nxc4 20. e4 Nxe5 21. exd5
Bxe2 22. dxe5 cxd5 23. Rd4 Bc4 24. Kh1 Rfc8 25. Bxb4 Rxb4 26. h4 Rcb8 27. h5 h6
28. Rg4 Bd3 29. Rxb4 Rxb4 30. Qc7 Bg5 31. g3 Bd2 32. Qxa7 Bc3 33. Rc1 d4 34.
Qd7 Bc4 35. a5 Bd5 36. Qe8+ Kh7 37. Qxf7 Rb2 38. Kg1 Rb7 39. Qg6+ Kg8 40. a6
Rb6 41. a7 Kf8 42. Rb1 Bb4 43. Qc2 d3 44. Qc8+ 1-0

[Event "Islandia ch 2009"]
[Site "Bolungarvik ISL"]
[Date "2009.09.02"]
[Round "2.5"]
[White "Johannesson, Ingvar Thor"]
[Black "Danielsen, Henrik"]
[Result "0-1"]
[PlyCount "175"]
[EventDate "2009.09.01"]
[EventType "tourn"]
[EventRounds "11"]
[EventCountry "ISL"]
[EventCategory "5"]
[Source "lmi"]
[SourceDate "2009.09.01"]
[WhiteElo "2323"]
[BlackElo "2473"]

1. e4 c5 2. Nf3 Nc6 3. Bb5 g6 4. Bxc6 bxc6 5. e5 Bg7 6. Qe2 Nh6 7. d3 O-O 8. b3
d6 9. Bb2 Qd7 10. O-O f6 11. exd6 exd6 12. Re1 Ba6 13. Na3 Rae8 14. Qd2 Nf7 15.
Qa5 Bc8 16. Nc4 Ne5 17. Ncd2 Re7 18. Qa4 Rfe8 19. Nxe5 fxe5 20. Re4 Qc7 21.
Rae1 Bf5 22. R4e2 e4 23. dxe4 Bg4 24. Bxg7 Bxe2 25. Ba1 Bg4 26. Qc4+ Rf7 27.
Qc3 Kf8 28. Qg3 Bc8 29. Nc4 Re6 30. Bc3 Ba6 31. Nd2 d5 32. Qh3 Bc8 33. Qh6+ Kg8
34. Qg5 Qf4 35. Nf3 Rxe4 36. Rxe4 Qxe4 37. Qd8+ Rf8 38. Qc7 d4 39. Bd2 Re8 40.
h4 Qe7 41. Qg3 Bf5 42. c3 Qd7 43. Qf4 Be4 44. Ng5 Bf5 45. cxd4 Qxd4 46. Qc7
Qa1+ 47. Kh2 Qe5+ 48. Qxe5 Rxe5 49. Be3 Bb1 50. a3 Ba2 51. Nf3 Rd5 52. Nd2 Rd3
53. Ne4 c4 54. bxc4 Rxa3 55. Nd6 Ra4 56. Nc8 Rxc4 57. Bxa7 Rxh4+ 58. Kg3 Re4
59. Nd6 Re2 60. Kf4 Bd5 61. g3 h6 62. Be3 Kg7 63. Ke5 Bf7 64. Ne4 g5 65. Kd6
Rc2 66. Ke5 Bd5 67. Nd6 Bf3 68. Nf5+ Kg6 69. Nd4 Rc5+ 70. Kd6 Rd5+ 71. Ke7 Rf5
72. Nxf5 Kxf5 73. Kd6 h5 74. Bb6 h4 75. gxh4 gxh4 76. Bc7 Bd5 77. Kc5 Ke4 78.
Bd8 h3 79. Bc7 Kf3 80. Bg3 Kg2 81. Kd4 Bf3 82. Ke3 c5 83. Kf4 c4 84. Ke3 Bd5
85. Kd4 h2 86. Bxh2 Kxh2 87. Kxd5 c3 88. f4 0-1

[Event "Islandia ch 2009"]
[Site "Bolungarvik ISL"]
[Date "2009.09.02"]
[Round "2.6"]
[White "Olafsson, David"]
[Black "Thorfinnsson, Bragi"]
[Result "1-0"]
[PlyCount "123"]
[EventDate "2009.09.01"]
[EventType "tourn"]
[EventRounds "11"]
[EventCountry "ISL"]
[EventCategory "5"]
[Source "lmi"]
[SourceDate "2009.09.01"]
[WhiteElo "2327"]
[BlackElo "2360"]

1. e4 c5 2. Nf3 e6 3. d4 cxd4 4. Nxd4 Nc6 5. Nc3 Qc7 6. Nxc6 bxc6 7. Bd3 Nf6 8.
O-O d5 9. Qe2 Be7 10. exd5 cxd5 11. Nb5 Qb8 12. g3 O-O 13. Bf4 Qb6 14. a4 a6
15. a5 Qc6 16. Nd4 Qb7 17. c3 Bc5 18. Nf3 Bd7 19. b4 Be7 20. Rfb1 Ne4 21. Bxe4
dxe4 22. Nd2 f5 23. c4 Bf6 24. Ra3 e5 25. Be3 Be7 26. Bb6 Qc6 27. b5 Qh6 28.
Rab3 Bg5 29. Nf1 Be8 30. h4 Be7 31. Bc7 Bh5 32. Qd2 f4 33. b6 e3 34. fxe3 fxg3
35. b7 Bf3 36. bxa8=Q Bxa8 37. Rb8 Be4 38. Rxf8+ Bxf8 39. Rb8 Qxh4 40. Rxf8+
Kxf8 41. Qd8+ Qxd8 42. Bxd8 Kf7 43. Nxg3 Bc6 44. Kf2 Ke6 45. e4 g6 46. Ke3 Kd6
47. Kd3 Bd7 48. Nf1 Bh3 49. Ne3 h5 50. Kc3 Bc8 51. Nd5 Bh3 52. Ne3 Bc8 53. Kb4
Bb7 54. Nd5 Bc6 55. Bc7+ Ke6 56. Kc5 Ba4 57. Bd8 Bc2 58. Kb6 Bxe4 59. Kxa6 Kd7
60. Nf6+ Kxd8 61. Nxe4 Kc7 62. Kb5 1-0

[Event "Islandia ch 2009"]
[Site "Bolungarvik ISL"]
[Date "2009.09.03"]
[Round "3.1"]
[White "Thorfinnsson, Bragi"]
[Black "Ornolfsson, Magnus Palmi"]
[Result "1-0"]
[PlyCount "95"]
[EventDate "2009.09.01"]
[EventType "tourn"]
[EventRounds "11"]
[EventCountry "ISL"]
[EventCategory "5"]
[Source "lmi"]
[SourceDate "2009.09.01"]
[WhiteElo "2360"]
[BlackElo "2214"]

1. d4 Nf6 2. c4 e6 3. Nf3 d5 4. Nc3 c6 5. e3 Nbd7 6. Qc2 Bd6 7. g4 Nxg4 8. Rg1
Nxh2 9. Nxh2 Bxh2 10. Rxg7 Qf6 11. Rg2 Bd6 12. Bd2 Qf3 13. Rg1 Nf6 14. Be2 Qf5
15. Bd3 Qf3 16. Be2 Qf5 17. Qb3 dxc4 18. Qxc4 e5 19. dxe5 Be6 20. Qh4 Be7 21.
exf6 Bxf6 22. Qf4 Qxf4 23. exf4 h5 24. O-O-O O-O-O 25. Ne4 Bd4 26. Be3 Bxe3+
27. fxe3 Bxa2 28. Nd6+ Kc7 29. Bc4 Rxd6 30. Bxa2 Rxd1+ 31. Kxd1 f6 32. Ke2 b5
33. Kf3 Kd6 34. e4 h4 35. Rd1+ Ke7 36. Kg4 h3 37. Rh1 Rd8 38. Rxh3 Rd2 39. Kf5
Rxb2 40. Rh7+ Kd6 41. Rxa7 Re2 42. Bg8 c5 43. Ra6+ Kc7 44. Bd5 c4 45. Kxf6 Rh2
46. Ke5 Rh3 47. Rc6+ Kd7 48. Rc5 1-0

[Event "Islandia ch 2009"]
[Site "Bolungarvik ISL"]
[Date "2009.09.03"]
[Round "3.2"]
[White "Danielsen, Henrik"]
[Black "Olafsson, David"]
[Result "1-0"]
[PlyCount "65"]
[EventDate "2009.09.01"]
[EventType "tourn"]
[EventRounds "11"]
[EventCountry "ISL"]
[EventCategory "5"]
[Source "lmi"]
[SourceDate "2009.09.01"]
[WhiteElo "2473"]
[BlackElo "2327"]

1. c4 Nf6 2. Nf3 c6 3. d4 d5 4. e3 g6 5. Nc3 Bg7 6. Be2 O-O 7. O-O dxc4 8. Bxc4
Nbd7 9. e4 Nb6 10. Be2 Bg4 11. Be3 Bxf3 12. Bxf3 Qd7 13. Qe2 h5 14. h3 Rfd8 15.
Rfd1 Nh7 16. a4 e6 17. a5 Nc8 18. a6 b6 19. d5 Ne7 20. dxc6 Qxc6 21. e5 Qc7 22.
Bxa8 Rxa8 23. Qf3 Qc6 24. Qxc6 Nxc6 25. f4 g5 26. Rd7 gxf4 27. Bxf4 Nf8 28. Rc7
Nd4 29. Rd1 Nb3 30. Nb5 Nc5 31. Ra1 Nd3 32. Rxa7 Re8 33. Nd6 1-0

[Event "Islandia ch 2009"]
[Site "Bolungarvik ISL"]
[Date "2009.09.03"]
[Round "3.3"]
[White "Arngrimsson, Dagur"]
[Black "Johannesson, Ingvar Thor"]
[Result "1-0"]
[PlyCount "50"]
[EventDate "2009.09.01"]
[EventType "tourn"]
[EventRounds "11"]
[EventCountry "ISL"]
[EventCategory "5"]
[Source "lmi"]
[SourceDate "2009.09.01"]
[WhiteElo "2396"]
[BlackElo "2323"]

1. e4 e6 2. Nf3 d5 3. Nc3 d4 4. Ne2 Nf6 5. Ng3 c5 6. Bc4 Nc6 7. a3 Bd6 8. d3
Qc7 9. O-O h5 10. c3 Ng4 11. Re1 f6 12. cxd4 Nxd4 13. Nxd4 cxd4 14. Bd2 Nxh2
15. Rc1 Qb8 16. e5 fxe5 17. Ne4 Ng4 18. Qb3 Kf7 19. Bxe6+ Bxe6 20. Ng5+ Kg6 21.
Qxe6+ Nf6 22. Qf7+ Kf5 23. Ne4 h4 24. g4+ hxg3 25. Nxg3+ Kg4 1-0

[Event "Islandia ch 2009"]
[Site "Bolungarvik ISL"]
[Date "2009.09.03"]
[Round "3.5"]
[White "Gunnarsson, Jon Viktor"]
[Black "Thorhallsson, Throstur"]
[Result "1/2-1/2"]
[PlyCount "57"]
[EventDate "2009.09.01"]
[EventType "tourn"]
[EventRounds "11"]
[EventCountry "ISL"]
[EventCategory "5"]
[Source "lmi"]
[SourceDate "2009.09.01"]
[WhiteElo "2462"]
[BlackElo "2433"]

1. e4 c5 2. Nf3 e6 3. d4 cxd4 4. Nxd4 a6 5. Nc3 Qc7 6. Bd3 b5 7. O-O Bb7 8. Re1
Nf6 9. Bg5 Nc6 10. Nxc6 Qxc6 11. Bxf6 gxf6 12. a4 b4 13. Nd5 Be7 14. Nxe7 Kxe7
15. Qd2 Qc5 16. e5 f5 17. Qg5+ Kf8 18. Qh6+ Ke8 19. Rad1 Rg8 20. Bf1 Qc6 21.
Qh3 Qf3 22. Qxf3 Bxf3 23. Rd4 a5 24. g3 Rc8 25. Bd3 Ke7 26. Re3 Ba8 27. f3 Rc5
28. Kf2 Bd5 29. Ke2 1/2-1/2

[Event "Islandia ch 2009"]
[Site "Bolungarvik ISL"]
[Date "2009.09.03"]
[Round "3.6"]
[White "Bjornsson, Sigurbjorn"]
[Black "Kjartansson, Gudmundur"]
[Result "1/2-1/2"]
[PlyCount "137"]
[EventDate "2009.09.01"]
[EventType "tourn"]
[EventRounds "11"]
[EventCountry "ISL"]
[EventCategory "5"]
[Source "lmi"]
[SourceDate "2009.09.01"]
[WhiteElo "2287"]
[BlackElo "2413"]

1. e4 e5 2. Nf3 Nc6 3. Bb5 Nf6 4. O-O Nxe4 5. d4 Nd6 6. Bxc6 dxc6 7. dxe5 Nf5
8. Qxd8+ Kxd8 9. Nc3 Ne7 10. b3 a5 11. Bb2 Ng6 12. Rad1+ Ke8 13. Rfe1 Bg4 14.
Rd3 Bf5 15. Rd2 Bb4 16. Nd4 Rd8 17. Red1 Bc8 18. e6 Rg8 19. a3 Be7 20. exf7+
Kxf7 21. Ne4 h6 22. f4 Rge8 23. f5 Nh4 24. f6 gxf6 25. Rf1 c5 26. Nb5 Rxd2 27.
Nxd2 c6 28. Bxf6 Bxf6 29. Nd6+ Ke7 30. Rxf6 Kxf6 31. Nxe8+ Ke7 32. Nc7 b5 33.
Ne4 Bf5 34. Nxc5 Kd6 35. N7a6 Bxc2 36. b4 a4 37. Kf2 Ng6 38. Ke3 Ne5 39. Kd2
Bf5 40. Kc3 Bg6 41. Kd4 Nc4 42. Nxa4 Nxa3 43. N4c5 Nc2+ 44. Kc3 Ne3 45. Kd4
Nxg2 46. Nb7+ Kd7 47. Ke5 Ne1 48. Nbc5+ Ke7 49. Nb8 Be8 50. h3 h5 51. Nba6 Nc2
52. Ne4 Bd7 53. Nb8 h4 54. Nf6 Bxh3 55. Nxc6+ Kf7 56. Nd8+ Kf8 57. Nh7+ Ke8 58.
Nb7 Bg2 59. Nd6+ Kd7 60. Nxb5 h3 61. Nf6+ Kc8 62. Ng4 Ne3 63. Nf2 h2 64. Kf4
Nf1 65. Nd6+ Kc7 66. Nf5 Kd7 67. Ne3 Nxe3 68. Kxe3 Ke6 69. Kf4 1/2-1/2

[Event "Islandia ch 2009"]
[Site "Bolungarvik ISL"]
[Date "2009.09.04"]
[Round "4.1"]
[White "Ornolfsson, Magnus Palmi"]
[Black "Kjartansson, Gudmundur"]
[Result "1/2-1/2"]
[PlyCount "173"]
[EventDate "2009.09.01"]
[EventType "tourn"]
[EventRounds "11"]
[EventCountry "ISL"]
[EventCategory "5"]
[Source "lmi"]
[SourceDate "2009.09.01"]
[WhiteElo "2214"]
[BlackElo "2413"]

1. e4 e5 2. Nf3 Nc6 3. Bc4 Bc5 4. O-O Nf6 5. Nc3 d6 6. h3 Be6 7. Bxe6 fxe6 8.
d3 Qe7 9. Na4 Bb6 10. Nxb6 axb6 11. c3 O-O 12. Bg5 h6 13. Bxf6 Rxf6 14. Nh2 Rf4
15. g3 Rf7 16. Qg4 Kh7 17. h4 g6 18. Kh1 Raf8 19. Kg2 Nb8 20. Rae1 Nd7 21. Re3
c5 22. c4 Ra8 23. a3 Nf6 24. Qd1 Raf8 25. Qe2 Qd7 26. Ng4 Ng8 27. Nh2 b5 28.
Qd2 b6 29. Rf3 Rxf3 30. Nxf3 Nf6 31. Qe2 Qc6 32. Nd2 Kg7 33. f3 Rb8 34. Rc1
bxc4 35. Nxc4 Ng8 36. Qc2 Ne7 37. Qc3 Kh7 38. Ne3 Qd7 39. Ng4 Rf8 40. Qd2 h5
41. Qh6+ Kg8 42. Nf2 Rf7 43. g4 Qe8 44. gxh5 Rh7 45. Qg5 Rxh5 46. Qg4 Nc6 47.
Nh3 Nd4 48. f4 Kg7 49. Rf1 Qb5 50. fxe5 Qxd3 51. Qf4 Nf5 52. exf5 Rxf5 53. Rf3
Qc2+ 54. Rf2 Rxf4 55. Rxc2 Rg4+ 56. Kf3 Rxh4 57. Kg3 Rd4 58. exd6 Rxd6 59. Ng5
Rd3+ 60. Kf4 Kf6 61. Ne4+ Kf7 62. Rd2 Rd5 63. Rxd5 exd5 64. Nd6+ Ke6 65. Nc8
Kd7 66. Nxb6+ Kc6 67. Nc8 Kb5 68. Ne7 d4 69. Nxg6 Ka4 70. Ke4 Kb3 71. Ne5 Kxb2
72. a4 Kc3 73. a5 c4 74. a6 d3 75. Nf3 d2 76. Nxd2 Kxd2 77. a7 c3 78. a8=Q c2
79. Qa5+ Ke2 80. Qc3 Kd1 81. Qd3+ Kc1 82. Kd4 Kb2 83. Qc3+ Kb1 84. Qb3+ Ka1 85.
Qa3+ Kb1 86. Qb3+ Ka1 87. Qa3+ 1/2-1/2

[Event "Islandia ch 2009"]
[Site "Bolungarvik ISL"]
[Date "2009.09.04"]
[Round "4.2"]
[White "Thorhallsson, Throstur"]
[Black "Bjornsson, Sigurbjorn"]
[Result "1/2-1/2"]
[PlyCount "74"]
[EventDate "2009.09.01"]
[EventType "tourn"]
[EventRounds "11"]
[EventCountry "ISL"]
[EventCategory "5"]
[Source "lmi"]
[SourceDate "2009.09.01"]
[WhiteElo "2433"]
[BlackElo "2287"]

1. e4 c5 2. c3 Nf6 3. e5 Nd5 4. Bc4 Nb6 5. Bb3 d6 6. Nf3 e6 7. d4 cxd4 8. cxd4
dxe5 9. Nxe5 Nc6 10. Nf3 Be7 11. O-O Bf6 12. Be3 Nd5 13. Nc3 O-O 14. Ne4 Be7
15. Rc1 Na5 16. Bc2 b6 17. Bd2 Ba6 18. Re1 Nc4 19. Ne5 Nxd2 20. Nxd2 Rc8 21.
Be4 Rxc1 22. Qxc1 Bg5 23. Qd1 Nf6 24. Ndf3 Nxe4 25. Rxe4 Bf6 26. Re3 Bb7 27.
Qa4 Bxe5 28. dxe5 Bxf3 29. Rxf3 Qd2 30. g3 Qe1+ 31. Kg2 Qxe5 32. Qxa7 Qxb2 33.
Rb3 Qe2 34. Rxb6 Qe4+ 35. Kg1 Qe1+ 36. Kg2 Qe4+ 37. Kg1 Qe1+ 1/2-1/2

[Event "Islandia ch 2009"]
[Site "Bolungarvik ISL"]
[Date "2009.09.04"]
[Round "4.3"]
[White "Gislason, Gudmundur"]
[Black "Gunnarsson, Jon Viktor"]
[Result "1-0"]
[PlyCount "61"]
[EventDate "2009.09.01"]
[EventType "tourn"]
[EventRounds "11"]
[EventCountry "ISL"]
[EventCategory "5"]
[Source "lmi"]
[SourceDate "2009.09.01"]
[WhiteElo "2348"]
[BlackElo "2462"]

1. d4 Nf6 2. c4 c5 3. d5 b5 4. cxb5 a6 5. bxa6 g6 6. Nc3 Bxa6 7. g3 d6 8. Bg2
Nbd7 9. Nf3 Bg7 10. O-O Nb6 11. Re1 O-O 12. Rb1 Bc4 13. e4 Bxa2 14. Nxa2 Rxa2
15. Re2 Qa8 16. b4 Ra1 17. Rxa1 Qxa1 18. bxc5 Na4 19. Re1 Nxc5 20. e5 Nfe4 21.
Nd4 Bxe5 22. Nc6 Bc3 23. Rxe4 Nxe4 24. Bxe4 Bf6 25. Bf3 Ra8 26. Kg2 Qc3 27. Bh6
Ra2 28. Qb1 Rb2 29. Qe4 Qc2 30. Qe3 Kh8 31. Qa7 1-0

[Event "Islandia ch 2009"]
[Site "Bolungarvik ISL"]
[Date "2009.09.04"]
[Round "4.4"]
[White "Johannesson, Ingvar Thor"]
[Black "Lagerman, Robert"]
[Result "1/2-1/2"]
[PlyCount "34"]
[EventDate "2009.09.01"]
[EventType "tourn"]
[EventRounds "11"]
[EventCountry "ISL"]
[EventCategory "5"]
[Source "lmi"]
[SourceDate "2009.09.01"]
[WhiteElo "2323"]
[BlackElo "2351"]

1. e4 e5 2. Nf3 Nc6 3. Bb5 a6 4. Bxc6 dxc6 5. O-O Bg4 6. h3 h5 7. d3 Qf6 8.
Nbd2 Ne7 9. Re1 Ng6 10. d4 Bd6 11. hxg4 hxg4 12. Nh2 Rxh2 13. Qxg4 Qh4 14. Qxh4
Rxh4 15. Nf3 Rh5 16. Be3 O-O-O 17. g3 f6 1/2-1/2

[Event "Islandia ch 2009"]
[Site "Bolungarvik ISL"]
[Date "2009.09.04"]
[Round "4.5"]
[White "Olafsson, David"]
[Black "Arngrimsson, Dagur"]
[Result "1-0"]
[PlyCount "67"]
[EventDate "2009.09.01"]
[EventType "tourn"]
[EventRounds "11"]
[EventCountry "ISL"]
[EventCategory "5"]
[Source "lmi"]
[SourceDate "2009.09.01"]
[WhiteElo "2327"]
[BlackElo "2396"]

1. e4 e5 2. Nf3 Nc6 3. Nc3 Nf6 4. d4 exd4 5. Nd5 Nxd5 6. exd5 Bb4+ 7. Bd2 Qe7+
8. Be2 d3 9. cxd3 Bxd2+ 10. Nxd2 Nd4 11. O-O Nxe2+ 12. Kh1 O-O 13. Re1 Re8 14.
Ne4 Nf4 15. Nf6+ gxf6 16. Rxe7 Rxe7 17. Qf3 Ng6 18. Qxf6 a5 19. d6 cxd6 20. f4
Ra6 21. f5 d5 22. Qg5 f6 23. Qg3 Kg7 24. Rf1 d4 25. h4 Kf7 26. fxg6+ hxg6 27.
Qf4 b5 28. Qh6 Bb7 29. Qh7+ Kf8 30. Qh8+ Kf7 31. Rf2 f5 32. h5 Rf6 33. h6 g5
34. Qg7+ 1-0